Banderas del mundo - ¡Tres Vidas! - Estadísticas

Estadísticas generales
  • Esta prueba ha sido intentada 352 veces
  • La puntuación promedio es 82 de 192
Estadísticas de respuestas
Imagen Respuesta % Correcto
España
100%
Brasil
99%
Estados Unidos
98%
Canadá
97%
Francia
97%
Reino Unido
97%
Italia
96%
Australia
95%
Rusia
94%
Países Bajos
93%
Corea del Sur
83%
Costa de Marfil
83%
Japón
83%
Irlanda
82%
Hungría
81%
Suecia
81%
Bulgaria
79%
Dinamarca
79%
Finlandia
79%
Grecia
79%
Noruega
79%
Islandia
78%
Georgia
77%
Nueva Zelanda
77%
Bangladés
73%
China
73%
Malta
71%
Albania
67%
Chipre
67%
República Dominicana
67%
Vietnam
67%
Kosovo
66%
Madagascar
66%
Suiza
65%
Bélgica
64%
Ciudad del Vaticano
64%
Nepal
64%
Palaos
64%
Líbano
63%
Camerún
62%
Israel
62%
Bután
61%
Tonga
59%
Turquía
59%
Túnez
58%
San Marino
57%
Argelia
56%
Pakistán
56%
Myanmar
55%
Níger
55%
Burkina Faso
54%
Gabón
54%
República Democrática del Congo
54%
Alemania
51%
Papúa Nueva Guinea
51%
Azerbaiyán
50%
Jamaica
50%
México
50%
Sudáfrica
50%
India
49%
Malasia
49%
Arabia Saudita
48%
Mauritania
48%
Singapur
48%
Austria
46%
Barbados
46%
Comoras
46%
Kenia
46%
Libia
46%
Uzbekistán
45%
Polonia
44%
Maldivas
43%
Perú
43%
Egipto
42%
Esuatini
42%
Turkmenistán
42%
Omán
41%
Argentina
40%
Indonesia
40%
Mónaco
40%
Macedonia del Norte
39%
Uruguay
39%
Filipinas
38%
Irak
38%
Irán
38%
Kazajistán
38%
Venezuela
38%
Antigua y Barbuda
36%
Bosnia y Herzegovina
36%
Seychelles
36%
Emiratos Árabes Unidos
35%
Kiribati
35%
Kuwait
35%
Siria
35%
Tayikistán
35%
Yemen
35%
Jordania
34%
Malaui
34%
Sudán
34%
Tanzania
34%
Trinidad y Tobago
34%
Bahamas
33%
Brunéi
33%
Chile
33%
Cuba
33%
Islas Marshall
33%
Panamá
33%
República Checa
33%
Ruanda
33%
Corea del Norte
32%
Eritrea
32%
Namibia
32%
República del Congo
32%
Liberia
31%
Nauru
31%
Timor Oriental
31%
Guyana
30%
Mozambique
30%
San Cristóbal y Nieves
30%
Taiwán
30%
Belice
29%
Cabo Verde
29%
Costa Rica
29%
Croacia
29%
Eslovaquia
29%
Eslovenia
29%
Haití
29%
Laos
29%
Serbia
29%
Vanuatu
29%
Yibuti
29%
Zimbabue
29%
Camboya
28%
Liechtenstein
28%
Luxemburgo
28%
Paraguay
28%
Samoa
28%
Santo Tomé y Príncipe
28%
Somalia
28%
Tailandia
28%
Angola
27%
Baréin
27%
Bielorrusia
27%
Estados Federados de Micronesia
27%
Estonia
27%
Honduras
27%
Afganistán
26%
Burundi
26%
El Salvador
26%
Nicaragua
26%
Sierra Leona
26%
Botsuana
25%
Etiopía
25%
Senegal
24%
Togo
24%
Armenia
23%
Bolivia
23%
Guinea
23%
Lituania
23%
Andorra
22%
Benín
22%
Colombia
22%
Dominica
22%
Ecuador
22%
Ghana
22%
Granada
22%
Malí
22%
Marruecos
22%
Moldavia
22%
Portugal
22%
Kirguistán
21%
Letonia
21%
Mauricio
21%
Mongolia
21%
Montenegro
21%
Rumania
21%
Sri Lanka
21%
Surinam
21%
Ucrania
21%
Uganda
21%
Zambia
21%
Catar
20%
Chad
20%
Guatemala
20%
Lesoto
20%
Fiyi
19%
República Centroafricana
19%
Santa Lucía
19%
San Vicente y las Granadinas
19%
Gambia
18%
Islas Salomón
18%
Tuvalu
18%
No se encontraron pruebas coincidentes
Distribución de puntuación
Porcentaje de gente con cada puntuación
Porcentaje por número respondido
Historial de tus puntuaciones
No has intentado esta prueba.